|
|
|
|
| LEADER |
00000nam0a2200000 4500 |
| 001 |
152792 |
| 005 |
20231101221640.0 |
| 035 |
|
|
|a (RuTPU)RU\TPU\book\165657
|
| 090 |
|
|
|a 152792
|
| 100 |
|
|
|a 20090205d2008 k y0rusy50 ca
|
| 101 |
0 |
|
|a rus
|
| 102 |
|
|
|a RU
|
| 105 |
|
|
|a a dm 001zy
|
| 200 |
1 |
|
|a Повышение эффективности процесса гидрирования высших алкадиенов С9-С14 методом математического моделирования
|e автореферат диссертации на соискание ученой степени кандидата технических наук
|e спец. 05.17.08
|f Е. М. Юрьев
|g Роснефть ; Томский политехнический университет (ТПУ) ; науч. рук. Э. Д. Иванчина
|
| 210 |
|
|
|a Томск
|c [Б. и.]
|d 2008
|
| 215 |
|
|
|a 19 с.
|c ил.
|
| 300 |
|
|
|a Защита сост. 3.02.2009 г.
|
| 320 |
|
|
|a Библиогр.: с. 18-19 (20 назв.).
|
| 606 |
1 |
|
|a Гидрирование (гидрогенизация), каталитическое
|2 stltpush
|3 (RuTPU)RU\TPU\subj\31794
|9 54552
|
| 610 |
1 |
|
|a высшие алкадиены
|
| 610 |
1 |
|
|a процессы
|
| 610 |
1 |
|
|a реакторы
|
| 610 |
1 |
|
|a катализаторы
|
| 610 |
1 |
|
|a трехфазные системы
|
| 610 |
1 |
|
|a превращения
|
| 610 |
1 |
|
|a математическое описание
|
| 610 |
1 |
|
|a математические модели
|
| 610 |
1 |
|
|a разработка
|
| 610 |
1 |
|
|a компьютерные моделирующие системы
|
| 610 |
1 |
|
|a создание
|
| 610 |
1 |
|
|a авторефераты диссертаций
|
| 610 |
1 |
|
|a труды учёных ТПУ
|
| 675 |
|
|
|a 66.094(04)
|v 3
|
| 686 |
|
|
|a 05.17.08
|2 oksvnk
|
| 700 |
|
1 |
|a Юрьев
|b Е. М.
|g Егор Михайлович
|
| 702 |
|
1 |
|a Иванчина
|b Э. Д.
|c химик
|c профессор Томского политехнического университета, доктор технических наук
|f 1951-
|g Эмилия Дмитриевна
|2 stltpush
|3 (RuTPU)RU\TPU\pers\24966
|4 727
|
| 712 |
0 |
2 |
|a Роснефть
|c Нефтяная компания
|c Открытое акционерное общество
|c (Москва)
|c (1993- )
|2 stltpush
|3 (RuTPU)RU\TPU\col\11516
|9 25142
|
| 712 |
0 |
2 |
|a Томский политехнический университет (ТПУ)
|c (1991- )
|2 stltpush
|3 (RuTPU)RU\TPU\col\376
|
| 801 |
|
1 |
|a RU
|b 63413507
|c 20090205
|g PSBO
|
| 801 |
|
2 |
|a RU
|b 63413507
|c 20140523
|g PSBO
|
| 942 |
|
|
|c BK
|